Countries with Longest Walkable Distance in a Straight Line - Statistics

General Stats
  • This quiz has been taken 129 times
  • The average score is 14 of 15
Answer Stats
Kilometers Country % Correct
4,320 Brazil
100%
7,281 Russia
100%
4,438 Canada
99%
3,234 India
99%
4,500 United States
99%
3,728 Chile
98%
4,557 China
98%
4,046 Australia
97%
2,954 Kazakhstan
97%
3,426 Argentina
96%
3,093 Mexico
93%
2,278 Iran
91%
2,398 Mongolia
89%
2,327 Democratic Republic of the Congo
84%
2,650 Denmark (Greenland)
36%
No matching quizzes found
Score Distribution
Percent of People with Each Score
Percentile by Number Answered
Your Score History
You have not taken this quiz